Kreatívna ekonomika ako nový trend svetového hospodárstva bakalárska práca

Gespeichert in:
Bibliographische Detailangaben
1. Verfasser: Kovalčíková, Ivana
Körperschaft: Fakulta medzinárodných vzťahov EU. Katedra medzinárodných ekonomických vzťahov a hospodárskej diplomacie
Weitere Verfasser: Baculáková, Kristína, 1988-
Format: Buch
Sprache:Slowakisch
Veröffentlicht: Bratislava 2015
Tags: Tag hinzufügen
Keine Tags, Fügen Sie das erste Tag hinzu!

MARC

LEADER 00000nbm a2200000 4500
001 0202659
005 20161212100303.8
041 0 |a slo 
044 |a SK 
245 1 0 |a Kreatívna ekonomika ako nový trend svetového hospodárstva  |b bakalárska práca  |c Ivana Kovalčíková ; školiteľ: Kristína Baculáková 
264 1 |a Bratislava  |c 2015 
300 |a 52 s. 
100 1 |a Kovalčíková, Ivana 
700 1 |a Baculáková, Kristína, 1988- 
710 2 |a Fakulta medzinárodných vzťahov EU. Katedra medzinárodných ekonomických vzťahov a hospodárskej diplomacie